000
00302nam a22001097a 4500
008
230619b xxu||||| |||| 00| 0 eng d
082
_a
016.34
_b
UN
100
_c
United Nations Library Geneva
245
_a
Bibliographie Mensuelle Monthly Bibiliography
_b
No.11/12, 1998
300
_a
241p
942
_2
ddc
_c
BK
999
_c
1161
_d
1161